[Event "HUN-chT2 Charousek 1516"]
[Site "Hungary"]
[Date "2016.02.28"]
[Round "6.7"]
[White "Toth, Sarolta"]
[Black "Csiszar, Viktoria"]
[Result "1/2-1/2"]
[WhiteElo "2106"]
[BlackElo "2038"]
[PlyCount "57"]
[EventDate "2015.10.18"]
[EventType "team-tourn"]
[EventRounds "9"]
[EventCountry "HUN"]
[SourceTitle "EXT 2017"]
[Source "ChessBase"]
[SourceDate "2016.10.25"]
[SourceVersion "1"]
[SourceVersionDate "2016.10.25"]
[SourceQuality "1"]
[WhiteTeam "Decs 1990"]
[BlackTeam "Komlo"]
[WhiteTeamCountry "HUN"]
[BlackTeamCountry "HUN"]

1. Nf3 Nf6 2. c4 d6 3. Nc3 Nbd7 4. g3 e5 5. Bg2 c6 6. 0-0 Be7 7. d3 a5 8. Rb1 Nc5 9. a3 e4 10. dxe4 Ncxe4 11. Nxe4 Nxe4 12. Nd4 Nf6 13. b4 0-0 14. Qc2 Re8 15. b5 c5 16. Nf5 Bf8 17. Rd1 Qb6 18. Bb2 Ng4 19. Rd2 Ne5 20. Ne3 Be6 21. Rbd1 Qc7 22. Qc3 Rad8 23. h3 f6 24. f4 Nd7 25. Bd5 Nb6 26. Bxe6+ Rxe6 27. Nd5 Nxd5 28. cxd5 Re4 29. e3 1/2-1/2

[Event "HUN-chT2 Charousek 1415"]
[Site "Hungary"]
[Date "2015.02.08"]
[Round "6"]
[White "Lazar, Andras"]
[Black "Toth, Sarolta"]
[Result "0-1"]
[WhiteElo "2063"]
[BlackElo "2161"]
[PlyCount "116"]
[EventDate "2014.10.12"]
[EventType "team-tourn"]
[EventRounds "9"]
[EventCountry "HUN"]
[SourceTitle "EXT 2016"]
[Source "ChessBase"]
[SourceDate "2015.10.08"]
[SourceVersion "1"]
[SourceVersionDate "2015.10.08"]
[SourceQuality "1"]
[WhiteTeam "Paks ASE II"]
[BlackTeam "Decs"]
[WhiteTeamCountry "HUN"]
[BlackTeamCountry "HUN"]

1. Nf3 Nf6 2. c4 e6 3. Nc3 d5 4. d4 Be7 5. Bf4 c6 6. e3 Nbd7 7. c5 Nh5 8. Bd3 Nxf4 9. exf4 b6 10. b4 a5 11. a3 Ba6 12. 0-0 Bxd3 13. Qxd3 0-0 14. Ne5 Nxe5 15. fxe5 b5 16. Ne2 Qb8 17. f4 Ra7 18. g4 f5 19. gxf5 exf5 20. Kh1 Qa8 21. Qc3 Ra6 22. Rfb1 h6 23. Rg1 Rf7 24. Rg6 axb4 25. Qxb4 Bf8 26. Rag1 Rxa3 27. Rxc6 Re3 28. Qxb5 Rxe2 29. Ra6 Rb2 30. Qd3 Rd2 31. Qa3 Qb7 32. Rxh6 Rd1 33. Rb6 Rxg1+ 34. Kxg1 Qe7 35. Qa8 Qh4 36. Qxd5 Qg4+ 37. Kh1 Qxf4 38. Rb1 Qd2 39. c6 f4 40. Rb7 Qd1+ 41. Kg2 f3+ 42. Kh3 Qf1+ 43. Kh4 Qf2+ 44. Kg4 Qg2+ 45. Kh4 Qxh2+ 46. Kg4 Qf4+ 47. Kh3 Qf5+ 48. Kg3 Be7 49. Rxe7 Qg5+ 50. Kh3 Qxe7 51. e6 Rf6 52. c7 Rh6+ 53. Kg3 Qh4+ 54. Kxf3 Qh1+ 55. Ke3 Rh3+ 56. Kf2 Qxd5 57. c8Q+ Kh7 58. e7 Qf3+ 0-1

[Event "Budapest-chT1 Lilienthal 1314"]
[Site "Budapest"]
[Date "2014.02.23"]
[Round "8"]
[White "Toth, Sarolta"]
[Black "Kelemen, Gabor"]
[Result "1/2-1/2"]
[WhiteElo "2174"]
[BlackElo "2140"]
[PlyCount "111"]
[EventDate "2013.09.29"]
[EventType "team-tourn"]
[EventRounds "11"]
[EventCountry "HUN"]
[SourceTitle "EXT 2021"]
[Source "ChessBase"]
[SourceDate "2020.10.23"]
[SourceVersion "1"]
[SourceVersionDate "2020.10.23"]
[SourceQuality "1"]
[WhiteTeam "SENSE"]
[BlackTeam "Taban Spartacus II"]
[WhiteTeamCountry "HUN"]
[BlackTeamCountry "HUN"]

1. Nf3 f5 2. c4 e6 3. g3 Nf6 4. Bg2 Be7 5. 0-0 0-0 6. Nc3 d6 7. d4 Qe8 8. b3 Qh5 9. Re1 Ne4 10. Bb2 Nd7 11. Nd2 Ng5 12. h4 Nf7 13. e4 Qxd1 14. Raxd1 f4 15. gxf4 Bxh4 16. Nf3 Bd8 17. e5 Re8 18. Re2 Nf8 19. Rde1 Ng6 20. Bc1 Nh4 21. Nxh4 Bxh4 22. Nb5 Re7 23. exd6 cxd6 24. Ba3 Bd7 25. Nxd6 Nxd6 26. Bxd6 Rf7 27. Bxb7 Rd8 28. Be5 g5 29. fxg5 Bxg5 30. Kh1 Bf6 31. f4 Bxe5 32. fxe5 Be8 33. Bg2 Rxd4 34. Re4 Rf4 35. Rxf4 Rxf4 36. Rf1 Rd4 37. Bh3 Bd7 38. Rf6 Rd2 39. Bxe6+ Bxe6 40. Rxe6 Rxa2 41. Re7 Rb2 42. Rb7 a5 43. c5 Rc2 44. Rb5 Rc3 45. Kg2 Kf7 46. c6 Rxc6 47. Kf3 Ke6 48. Ke3 Ra6 49. Rb7 Kxe5 50. Rxh7 Rg6 51. Rh5+ Kd6 52. Kd3 Rg3+ 53. Kc4 Rg4+ 54. Kc3 a4 55. bxa4 Rxa4 56. Rh6+ 1/2-1/2

[Event "HUN-chT 1314"]
[Site "Hungary"]
[Date "2013.09.22"]
[Round "2"]
[White "Toth, Sarolta"]
[Black "Budinszky, Andras"]
[Result "1/2-1/2"]
[WhiteElo "2174"]
[BlackElo "2237"]
[PlyCount "49"]
[EventDate "2013.09.08"]
[EventType "team-tourn"]
[EventRounds "9"]
[EventCountry "HUN"]
[SourceTitle "EXT 2015"]
[Source "ChessBase"]
[SourceDate "2014.11.20"]
[SourceVersion "1"]
[SourceVersionDate "2014.11.20"]
[SourceQuality "1"]
[WhiteTeam "Decs"]
[BlackTeam "Budapest Titanok"]
[WhiteTeamCountry "HUN"]
[BlackTeamCountry "HUN"]

1. Nf3 Nf6 2. c4 c5 3. g3 g6 4. Bg2 Bg7 5. Nc3 Nc6 6. 0-0 0-0 7. d4 cxd4 8. Nxd4 Ng4 9. e3 d6 10. b3 Nxd4 11. exd4 Nh6 12. Bxh6 Bxh6 13. Re1 Rb8 14. Qe2 Re8 15. Rad1 Bg7 16. c5 Bd7 17. b4 dxc5 18. bxc5 Bc6 19. Qc4 Bxg2 20. Kxg2 Qd7 21. a4 Rbc8 22. Ne4 b6 23. Kg1 Red8 24. Rd2 h6 25. Red1 1/2-1/2

[Event "Budapest op 3rd"]
[Site "Budapest"]
[Date "2013.08.25"]
[Round "9"]
[White "Toth, Sarolta"]
[Black "Farago, Sandor"]
[Result "1-0"]
[WhiteElo "2138"]
[BlackElo "2270"]
[PlyCount "111"]
[EventDate "2013.08.17"]
[EventType "swiss"]
[EventRounds "9"]
[EventCountry "HUN"]
[SourceTitle "CBM 156 Extra"]
[Source "ChessBase"]
[SourceDate "2013.10.22"]
[SourceVersion "1"]
[SourceVersionDate "2013.10.22"]
[SourceQuality "1"]

1. Nf3 Nf6 2. c4 d6 3. g3 g6 4. Bg2 Bg7 5. Nc3 Nbd7 6. 0-0 e5 7. Rb1 a5 8. d3 0-0 9. a3 c6 10. b4 axb4 11. axb4 d5 12. cxd5 Nxd5 13. Ne4 Qe7 14. Qb3 b5 15. Bd2 h6 16. Rfc1 Bb7 17. Nc3 N7b6 18. e4 Nxc3 19. Bxc3 Na4 20. Bd2 Rad8 21. Be3 Rfe8 22. Nd2 Qe6 23. Nc4 bxc4 24. dxc4 Ra8 25. Ra1 Ba6 26. Bf1 Bb5 27. Qc2 Rec8 28. cxb5 cxb5 29. Qd2 Rd8 30. Qa2 Qd7 31. Qb3 Qb7 32. Rd1 Rdc8 33. Rd5 Nc5 34. Qb2 Rxa1 35. Qxa1 Nxe4 36. Rxb5 Qc6 37. Rb6 Qc2 38. Qa6 Rc3 39. Qa7 Bf8 40. Rb8 Kg7 41. Rb7 Nd6 42. Rd7 Qd1 43. Qa5 Qh5 44. b5 Rb3 45. b6 Rb1 46. Qa6 Nb5 47. Rxf7+ Kg8 48. Qa2 Nc3 49. Rxf8+ Kxf8 50. Qxb1 Nxb1 51. b7 Qd1 52. b8Q+ Kf7 53. Qxe5 Qc2 54. Qd5+ Ke7 55. Bc4 Nc3 56. Qe6+ 1-0

[Event "Budapest op 3rd"]
[Site "Budapest"]
[Date "2013.08.24"]
[Round "8"]
[White "Koncz, Imre"]
[Black "Toth, Sarolta"]
[Result "0-1"]
[WhiteElo "2181"]
[BlackElo "2138"]
[PlyCount "52"]
[EventDate "2013.08.17"]
[EventType "swiss"]
[EventRounds "9"]
[EventCountry "HUN"]
[SourceTitle "CBM 156 Extra"]
[Source "ChessBase"]
[SourceDate "2013.10.22"]
[SourceVersion "1"]
[SourceVersionDate "2013.10.22"]
[SourceQuality "1"]

1. d4 Nf6 2. c4 e6 3. Nc3 Bb4 4. e3 0-0 5. Bd3 d5 6. Nf3 b6 7. 0-0 Bb7 8. a3 Bd6 9. cxd5 exd5 10. Qc2 a6 11. Ne5 c5 12. b3 Nc6 13. Nxc6 Bxc6 14. dxc5 bxc5 15. Rd1 Qe7 16. g3 h5 17. Bb2 Rfd8 18. Bf1 Qe6 19. Bg2 h4 20. Rd2 Rac8 21. Ne2 hxg3 22. hxg3 Ng4 23. Qd3 Qh6 24. a4 d4 25. e4 Bxe4 26. Qxe4 Qxd2 0-1

[Event "Budapest op 3rd"]
[Site "Budapest"]
[Date "2013.08.22"]
[Round "6"]
[White "Toth, Sarolta"]
[Black "Szepes, Tamas"]
[Result "1-0"]
[WhiteElo "2138"]
[BlackElo "2248"]
[PlyCount "67"]
[EventDate "2013.08.17"]
[EventType "swiss"]
[EventRounds "9"]
[EventCountry "HUN"]
[SourceTitle "CBM 156 Extra"]
[Source "ChessBase"]
[SourceDate "2013.10.22"]
[SourceVersion "1"]
[SourceVersionDate "2013.10.22"]
[SourceQuality "1"]

1. Nf3 d5 2. c4 e6 3. g3 Nf6 4. Bg2 Be7 5. 0-0 0-0 6. b3 c5 7. e3 Nc6 8. Bb2 Rb8 9. Nc3 d4 10. exd4 cxd4 11. Nb5 e5 12. d3 a6 13. Na3 Bg4 14. h3 Bf5 15. Nc2 Nd7 16. Re1 Qc8 17. Bf1 Re8 18. Kh2 Qc7 19. a3 a5 20. Rb1 Bd6 21. Bc1 e4 22. Nfxd4 exd3 23. Nxf5 dxc2 24. Rxe8+ Rxe8 25. Qxc2 Be5 26. Bb2 g6 27. Nh6+ Kg7 28. Ng4 Nd4 29. Qd1 Nc6 30. Nxe5 Ndxe5 31. f4 Qb6 32. fxe5 Qf2+ 33. Bg2 Rd8 34. Qf3 1-0

[Event "Budapest op 3rd"]
[Site "Budapest"]
[Date "2013.08.21"]
[Round "5"]
[White "Toth, Sarolta"]
[Black "Juhasz, Mark"]
[Result "1-0"]
[WhiteElo "2138"]
[BlackElo "2154"]
[PlyCount "57"]
[EventDate "2013.08.17"]
[EventType "swiss"]
[EventRounds "9"]
[EventCountry "HUN"]
[SourceTitle "CBM 156 Extra"]
[Source "ChessBase"]
[SourceDate "2013.10.22"]
[SourceVersion "1"]
[SourceVersionDate "2013.10.22"]
[SourceQuality "1"]

1. Nf3 Nf6 2. c4 c5 3. Nc3 e6 4. g3 Nc6 5. Bg2 d5 6. cxd5 exd5 7. d4 Be7 8. 0-0 0-0 9. dxc5 Bxc5 10. Bg5 d4 11. Ne4 Be7 12. Nxf6+ Bxf6 13. Bxf6 Qxf6 14. Qd2 Bg4 15. h3 Bf5 16. Qf4 Rfe8 17. g4 Be4 18. Qxf6 gxf6 19. Rfd1 Rad8 20. Rd2 f5 21. Rad1 fxg4 22. hxg4 Kg7 23. Nh4 Kf6 24. Bxe4 Rxe4 25. f3 Ree8 26. Kf2 h5 27. Rg1 Kg5 28. gxh5+ Kxh4 29. Rg4+ 1-0

[Event "Budapest op 3rd"]
[Site "Budapest"]
[Date "2013.08.20"]
[Round "4"]
[White "Bakk, Zoltan"]
[Black "Toth, Sarolta"]
[Result "1/2-1/2"]
[WhiteElo "2070"]
[BlackElo "2138"]
[PlyCount "64"]
[EventDate "2013.08.17"]
[EventType "swiss"]
[EventRounds "9"]
[EventCountry "HUN"]
[SourceTitle "CBM 156 Extra"]
[Source "ChessBase"]
[SourceDate "2013.10.22"]
[SourceVersion "1"]
[SourceVersionDate "2013.10.22"]
[SourceQuality "1"]

1. d4 Nf6 2. Nf3 e6 3. Bf4 d5 4. e3 c5 5. c3 Nc6 6. Nbd2 Be7 7. Ne5 0-0 8. Bd3 Bd6 9. Bg3 Qc7 10. f4 b6 11. 0-0 Bb7 12. Bh4 Be7 13. Qf3 g6 14. Qh3 c4 15. Bc2 b5 16. Ndf3 a5 17. Bg5 Ne8 18. Bh6 Ng7 19. Ng5 Bxg5 20. Bxg7 Kxg7 21. fxg5 Nxe5 22. Qg3 b4 23. Qf4 Bc6 24. Qf6+ Kg8 25. dxe5 Qb6 26. Rae1 bxc3 27. Rf4 cxb2 28. Rh4 Bd7 29. Qf3 Ba4 30. Rxh7 Kxh7 31. Qh5+ Kg8 32. Bxg6 fxg6 1/2-1/2

[Event "Budapest op 3rd"]
[Site "Budapest"]
[Date "2013.08.17"]
[Round "1"]
[White "Toth, Sarolta"]
[Black "Czimer, Jozsef"]
[Result "1-0"]
[WhiteElo "2138"]
[BlackElo "1704"]
[PlyCount "77"]
[EventDate "2013.08.17"]
[EventType "swiss"]
[EventRounds "9"]
[EventCountry "HUN"]
[SourceTitle "CBM 156 Extra"]
[Source "ChessBase"]
[SourceDate "2013.10.22"]
[SourceVersion "1"]
[SourceVersionDate "2013.10.22"]
[SourceQuality "1"]

1. Nf3 g6 2. c4 Bg7 3. g3 b6 4. Bg2 Bb7 5. Nc3 Nf6 6. 0-0 0-0 7. d4 h6 8. Qc2 Na6 9. a3 c5 10. d5 Nc7 11. e4 d6 12. Rb1 Bc8 13. b4 Bd7 14. Bb2 Rb8 15. Nd1 Qc8 16. Ne3 Ng4 17. Nxg4 Bxg4 18. Bxg7 Kxg7 19. Nd2 Ne8 20. Qc3+ Nf6 21. Rfe1 Kg8 22. e5 dxe5 23. Rxe5 Qc7 24. Rbe1 Rfe8 25. h3 Bc8 26. Qe3 cxb4 27. axb4 Kg7 28. Rxe7 Rxe7 29. Qxe7 Qxe7 30. Rxe7 Bd7 31. c5 bxc5 32. bxc5 Rb2 33. Ne4 Kf8 34. d6 Nxe4 35. Bxe4 Bxh3 36. Rxa7 Rb4 37. Bd5 Be6 38. Ra8+ Kg7 39. Bxe6 1-0

[Event "Budapest FS07 IM"]
[Site "Budapest"]
[Date "2013.07.07"]
[Round "2"]
[White "Toth, Sarolta"]
[Black "Szabolcsi, Janos"]
[Result "0-1"]
[WhiteElo "2178"]
[BlackElo "2350"]
[PlyCount "54"]
[EventDate "2013.07.06"]
[EventType "tourn"]
[EventRounds "11"]
[EventCountry "HUN"]
[EventCategory "2"]
[SourceTitle "CBM 155 Extra"]
[Source "ChessBase"]
[SourceDate "2013.08.26"]
[SourceVersion "1"]
[SourceVersionDate "2013.08.26"]
[SourceQuality "1"]

1. Nf3 d5 2. c4 c6 3. g3 Nf6 4. Bg2 dxc4 5. 0-0 e6 6. Qc2 b5 7. a4 Bb7 8. b3 cxb3 9. Qxb3 a6 10. Ne5 Bd6 11. Nc4 Be7 12. Nc3 0-0 13. Ba3 Bxa3 14. Rxa3 Qc7 15. Ne3 Nbd7 16. Rc1 Qd6 17. axb5 axb5 18. Rxa8 Bxa8 19. Qa2 Nb6 20. d3 Nbd5 21. Ncxd5 Nxd5 22. Nxd5 exd5 23. d4 Bb7 24. Qa7 Qd7 25. Qb6 Ra8 26. Bxd5 cxd5 27. Rc7 Qh3 0-1

[Event "Budapest-chT1 Lilienthal 1213"]
[Site "Budapest"]
[Date "2013.02.03"]
[Round "7"]
[White "Toth, Sarolta"]
[Black "Veres, Istvan"]
[Result "1-0"]
[WhiteElo "2150"]
[BlackElo "2012"]
[PlyCount "71"]
[EventDate "2012.09.30"]
[EventType "team-tourn"]
[EventRounds "11"]
[EventCountry "HUN"]
[SourceTitle "EXT 2019"]
[Source "ChessBase"]
[SourceDate "2018.10.10"]
[SourceVersion "1"]
[SourceVersionDate "2018.10.10"]
[SourceQuality "1"]
[WhiteTeam "Budapest SENSE"]
[BlackTeam "Budapest Ujpest KSE"]
[WhiteTeamCountry "HUN"]
[BlackTeamCountry "HUN"]

1. Nf3 g6 2. c4 Bg7 3. Nc3 e5 4. g3 Ne7 5. Bg2 0-0 6. 0-0 c6 7. d4 d6 8. e4 Bg4 9. Be3 Qc7 10. Qd2 Nd7 11. h3 Bxf3 12. Bxf3 exd4 13. Bxd4 Ne5 14. Be2 Rfd8 15. f4 Qc8 16. Bf2 Nxc4 17. Bxc4 Qxh3 18. Rfe1 b5 19. Bf1 Qg4 20. Qe2 Qe6 21. Kh2 Qd7 22. Rad1 Qc7 23. Bd4 b4 24. Nb1 c5 25. Bxg7 Kxg7 26. Nd2 Nc6 27. Nf3 Re8 28. Qd2 Rad8 29. Bb5 Qb6 30. Bxc6 Qxc6 31. Qd5 Qc7 32. Qc4 h6 33. Rd5 Re6 34. Red1 Rde8 35. e5 dxe5 36. Nxe5 1-0

[Event "HUN-chT 1213"]
[Site "Hungary"]
[Date "2012.11.18"]
[Round "4"]
[White "Toth, Sarolta"]
[Black "Korpa, Bence"]
[Result "0-1"]
[WhiteElo "2150"]
[BlackElo "2336"]
[PlyCount "84"]
[EventDate "2012.09.16"]
[EventType "team-tourn"]
[EventRounds "9"]
[EventCountry "HUN"]
[SourceTitle "CBM 151 Extra"]
[Source "ChessBase"]
[SourceDate "2012.12.18"]
[SourceVersion "1"]
[SourceVersionDate "2012.12.18"]
[SourceQuality "1"]
[WhiteTeam "Decs"]
[BlackTeam "Penzugyor"]
[WhiteTeamCountry "HUN"]
[BlackTeamCountry "HUN"]

1. Nf3 d5 2. c4 d4 3. b4 f6 4. e3 e5 5. c5 a5 6. Bc4 axb4 7. Nxe5 fxe5 8. Qh5+ Kd7 9. Bxg8 Qe7 10. Bb3 Kd8 11. 0-0 Nc6 12. Bb2 g6 13. Qe2 Bg7 14. d3 Re8 15. a3 Be6 16. Nd2 Bxb3 17. Nxb3 bxa3 18. Rxa3 Rxa3 19. Bxa3 Qe6 20. Rb1 Kd7 21. Nd2 Ra8 22. Nc4 Na5 23. Nd2 Qa2 24. Qg4+ Ke7 25. c6+ Qxa3 26. Qd7+ Kf8 27. cxb7 Nxb7 28. Rxb7 Qxd3 29. Nf1 Qf5 30. Qxc7 Qf6 31. exd4 exd4 32. Qc5+ Kg8 33. Qd5+ Kh8 34. Rxg7 Rf8 35. Rxh7+ Kxh7 36. Qd7+ Rf7 37. Qh3+ Kg7 38. Qg3 d3 39. h3 Qd4 40. Nd2 Re7 41. Qf3 Re2 42. Nb3 Qb6 0-1

[Event "Budapest-chT1 Lilienthal 1213"]
[Site "Budapest"]
[Date "2012.11.11"]
[Round "3"]
[White "Seres, Bela"]
[Black "Toth, Sarolta"]
[Result "1/2-1/2"]
[WhiteElo "2199"]
[BlackElo "2150"]
[PlyCount "83"]
[EventDate "2012.09.30"]
[EventType "team-tourn"]
[EventRounds "11"]
[EventCountry "HUN"]
[SourceTitle "EXT 2019"]
[Source "ChessBase"]
[SourceDate "2018.10.10"]
[SourceVersion "1"]
[SourceVersionDate "2018.10.10"]
[SourceQuality "1"]
[WhiteTeam "Fabulon"]
[BlackTeam "Budapest SENSE"]
[WhiteTeamCountry "HUN"]
[BlackTeamCountry "HUN"]

1. e4 e5 2. Nf3 Nc6 3. Bc4 Bc5 4. 0-0 Nf6 5. d3 d6 6. h3 h6 7. c3 0-0 8. d4 exd4 9. cxd4 Bb6 10. Nc3 Nxe4 11. Nxe4 d5 12. Bxd5 Qxd5 13. Nc3 Qd6 14. Be3 Bf5 15. d5 Bxe3 16. fxe3 Ne5 17. Qd4 Nxf3+ 18. Rxf3 Bg6 19. Rc1 c6 20. Qf4 Rad8 21. Qa4 a6 22. dxc6 Qxc6 23. Qxc6 bxc6 24. Na4 Rd2 25. Rf2 Rfd8 26. Rcf1 Rxf2 27. Rxf2 a5 28. Kf1 Kf8 29. Ke2 Bc2 30. Nc3 Ke7 31. Kf3 Bf5 32. e4 Be6 33. Ke3 Bc4 34. Rc2 Rd3+ 35. Kf2 Kd6 36. Ne2 Ba6 37. Nc1 Rd4 38. Ke3 Rc4 39. Rd2+ Ke5 40. Nd3+ Ke6 41. Nf4+ Ke5 42. Nd3+ 1/2-1/2

[Event "Budapest op 08"]
[Site "Budapest"]
[Date "2012.08.22"]
[Round "5"]
[White "Bodrogi, Laszlo"]
[Black "Toth, Sarolta"]
[Result "1/2-1/2"]
[WhiteElo "2043"]
[BlackElo "2192"]
[PlyCount "85"]
[EventDate "2012.08.18"]
[EventType "swiss"]
[EventRounds "9"]
[EventCountry "HUN"]
[SourceTitle "EXT 2014"]
[Source "ChessBase"]
[SourceDate "2013.11.20"]
[SourceVersion "1"]
[SourceVersionDate "2013.11.20"]
[SourceQuality "1"]

1. e4 e5 2. Nf3 Nc6 3. Bb5 Nf6 4. 0-0 Nxe4 5. d4 Nd6 6. Bxc6 dxc6 7. dxe5 Nf5 8. Qxd8+ Kxd8 9. Nc3 Ne7 10. Bg5 Ke8 11. h3 h6 12. Bd2 Bf5 13. Nd4 Rd8 14. Nxf5 Rxd2 15. Ne3 Nd5 16. Ncxd5 cxd5 17. Rfd1 Rxd1+ 18. Rxd1 c6 19. c4 Bc5 20. cxd5 Bxe3 21. fxe3 cxd5 22. Rxd5 Ke7 23. Kf2 Rc8 24. Kf3 Rc2 25. Rb5 b6 26. a4 Kd7 27. a5 Kc6 28. axb6 axb6 29. Rb4 b5 30. Rf4 Rxb2 31. Rxf7 b4 32. Rxg7 b3 33. Rg6+ Kc5 34. e6 Ra2 35. e7 Ra8 36. Ra6 Re8 37. Ra7 Kc4 38. Ke2 b2 39. Rb7 Kc3 40. g4 Kc2 41. Rc7+ Kb3 42. Rb7+ Kc2 43. Rc7+ 1/2-1/2

[Event "Budapest op 08"]
[Site "Budapest"]
[Date "2012.08.22"]
[Round "6"]
[White "Toth, Sarolta"]
[Black "Heyl, Thomas"]
[Result "1-0"]
[WhiteElo "2192"]
[BlackElo "2009"]
[PlyCount "157"]
[EventDate "2012.08.18"]
[EventType "swiss"]
[EventRounds "9"]
[EventCountry "HUN"]
[SourceTitle "EXT 2014"]
[Source "ChessBase"]
[SourceDate "2013.11.20"]
[SourceVersion "1"]
[SourceVersionDate "2013.11.20"]
[SourceQuality "1"]

1. Nf3 d5 2. c4 e6 3. g3 Nf6 4. Bg2 dxc4 5. Qa4+ c6 6. Qxc4 b5 7. Qc2 Bb7 8. 0-0 Nbd7 9. d3 c5 10. a4 a6 11. Nc3 b4 12. Ne4 Be7 13. Bf4 Nd5 14. Bd6 Rc8 15. Bxe7 Qxe7 16. Ned2 0-0 17. Nc4 N5b6 18. a5 Nxc4 19. Qxc4 Qd6 20. Nd2 Bd5 21. Qc2 Bxg2 22. Kxg2 Ne5 23. Rfc1 h5 24. Kg1 h4 25. Nc4 Nxc4 26. Qxc4 hxg3 27. hxg3 Qe5 28. Rc2 Rc6 29. d4 Qh5 30. dxc5 Rfc8 31. Qd3 e5 32. Rac1 Rh6 33. Qf3 Qh2+ 34. Kf1 Qh3+ 35. Qg2 Qf5 36. c6 b3 37. Rc5 Rc7 38. Qf3 Qh3+ 39. Qg2 Qf5 40. f4 Qh7 41. Rxe5 Qg6 42. Rec5 Qf6 43. R1c3 Qd4 44. Rd5 Qa4 45. Rd7 Rcxc6 46. Rxc6 Qxc6 47. Qxc6 Rxc6 48. Rb7 Rc5 49. Rxb3 Rxa5 50. Rb7 g5 51. Kf2 gxf4 52. gxf4 Kg7 53. Kf3 Rc5 54. e4 a5 55. f5 Kf6 56. Kf4 Rc4 57. b3 Rd4 58. Rb6+ Ke7 59. Rb5 f6 60. Rxa5 Rb4 61. Ra7+ Ke8 62. Kg4 Rxe4+ 63. Kh5 Rb4 64. Kg6 Rb6 65. b4 Rxb4 66. Kxf6 Rb6+ 67. Kg7 Rb1 68. Ra8+ Kd7 69. f6 Rg1+ 70. Kf7 Rg2 71. Ra1 Rg3 72. Rd1+ Kc7 73. Ke7 Re3+ 74. Kf8 Rf3 75. f7 Rg3 76. Rd4 Rg2 77. Ke7 Re2+ 78. Kf6 Rf2+ 79. Ke6 1-0

[Event "Budapest op 08"]
[Site "Budapest"]
[Date "2012.08.20"]
[Round "3"]
[White "Zoldy, Robert"]
[Black "Toth, Sarolta"]
[Result "1/2-1/2"]
[WhiteElo "1990"]
[BlackElo "2192"]
[PlyCount "35"]
[EventDate "2012.08.18"]
[EventType "swiss"]
[EventRounds "9"]
[EventCountry "HUN"]
[SourceTitle "EXT 2014"]
[Source "ChessBase"]
[SourceDate "2013.11.20"]
[SourceVersion "1"]
[SourceVersionDate "2013.11.20"]
[SourceQuality "1"]

1. e4 e5 2. Nf3 Nc6 3. Bb5 Nf6 4. 0-0 Nxe4 5. d4 Nd6 6. dxe5 Nxb5 7. a4 Nbd4 8. Nxd4 Nxd4 9. Qxd4 d5 10. exd6 Qxd6 11. Qe3+ Be6 12. Nc3 a6 13. Rd1 Qc5 14. Qe2 Be7 15. Ne4 Qf5 16. Ng3 Qg6 17. Bf4 0-0 18. Qe4 1/2-1/2

[Event "HUN-chT 1112"]
[Site "Hungary"]
[Date "2012.05.06"]
[Round "10"]
[White "Vicsai, Gabor"]
[Black "Toth, Sarolta"]
[Result "0-1"]
[WhiteElo "2235"]
[BlackElo "2168"]
[PlyCount "68"]
[EventDate "2011.09.25"]
[EventType "team-tourn"]
[EventRounds "11"]
[EventCountry "HUN"]
[SourceTitle "EXT 2013"]
[Source "ChessBase"]
[SourceDate "2012.11.22"]
[SourceVersion "1"]
[SourceVersionDate "2012.11.22"]
[SourceQuality "1"]
[WhiteTeam "Mako"]
[BlackTeam "Decs"]
[WhiteTeamCountry "HUN"]
[BlackTeamCountry "HUN"]

1. d4 d5 2. c4 dxc4 3. e3 e5 4. Bxc4 exd4 5. exd4 Bd6 6. Nc3 Nf6 7. Nf3 0-0 8. 0-0 Nc6 9. h3 h6 10. Re1 Bf5 11. Ne5 Bxe5 12. dxe5 Qxd1 13. Nxd1 Rfe8 14. f4 Nd7 15. Ne3 Be6 16. Bd2 Bxc4 17. Nxc4 Nc5 18. Be3 Nd3 19. Red1 Rad8 20. Rd2 b5 21. Na3 a6 22. Kf1 f6 23. Ke2 fxe5 24. Rxd3 exf4 25. Rxd8 Nxd8 26. Nc2 fxe3 27. Nxe3 Ne6 28. Rc1 c5 29. Kf2 Rd8 30. Rc2 Ng5 31. b3 Rf8+ 32. Ke2 Ne6 33. Kd3 Rd8+ 34. Ke4 Ng5+ 0-1

[Event "Budapest-chT1 Lilienthal 1112"]
[Site "Budapest"]
[Date "2012.04.29"]
[Round "11"]
[White "Toth, Sarolta"]
[Black "Kerek, Krisztian"]
[Result "0-1"]
[WhiteElo "2168"]
[BlackElo "2300"]
[PlyCount "46"]
[EventDate "2011.10.02"]
[EventType "team-tourn"]
[EventRounds "11"]
[EventCountry "HUN"]
[SourceTitle "EXT 2020"]
[Source "ChessBase"]
[SourceDate "2019.10.17"]
[SourceVersion "1"]
[SourceVersionDate "2019.10.17"]
[SourceQuality "1"]
[WhiteTeam "Hid Unio"]
[BlackTeam "Barcza GSC"]
[WhiteTeamCountry "HUN"]
[BlackTeamCountry "HUN"]

1. Nf3 c5 2. c4 Nc6 3. Nc3 g6 4. e3 d6 5. d4 cxd4 6. exd4 Bg4 7. Be2 Bg7 8. Be3 Nh6 9. h3 Bxf3 10. Bxf3 Nf5 11. Qa4 0-0 12. Bxc6 bxc6 13. Qxc6 Nxd4 14. Qe4 Nf5 15. Bd2 Qb6 16. Na4 Qa6 17. Nc3 Rac8 18. 0-0 Qxc4 19. Qxc4 Rxc4 20. Rac1 Rfc8 21. Nb5 Bxb2 22. Rxc4 Rxc4 23. Nxa7 Rc2 0-1

[Event "Budapest-chT1 Lilienthal 1112"]
[Site "Budapest"]
[Date "2011.12.04"]
[Round "4"]
[White "Toth, Sarolta"]
[Black "Kiss, Istvan Gyorgy"]
[Result "1-0"]
[WhiteElo "2168"]
[BlackElo "2176"]
[PlyCount "97"]
[EventDate "2011.10.02"]
[EventType "team-tourn"]
[EventRounds "11"]
[EventCountry "HUN"]
[SourceTitle "EXT 2020"]
[Source "ChessBase"]
[SourceDate "2019.10.17"]
[SourceVersion "1"]
[SourceVersionDate "2019.10.17"]
[SourceQuality "1"]
[WhiteTeam "Hid Unio"]
[BlackTeam "REAC SISE"]
[WhiteTeamCountry "HUN"]
[BlackTeamCountry "HUN"]

1. c4 f5 2. Nf3 Nf6 3. g3 e6 4. Bg2 d5 5. b3 g6 6. 0-0 Bg7 7. Bb2 0-0 8. d3 Bd7 9. Nbd2 Bc6 10. Qc2 dxc4 11. Nxc4 b6 12. Nce5 Bd5 13. b4 Qe7 14. b5 Rc8 15. Nd4 Bxg2 16. Kxg2 Nbd7 17. Nec6 Qd6 18. Qc4 Re8 19. Rfc1 Kh8 20. Nf3 e5 21. Ng5 Qd5+ 22. Qxd5 Nxd5 23. e4 fxe4 24. dxe4 N5f6 25. Nxe5 Nc5 26. f3 Kg8 27. Nc4 Nd3 28. Rc2 Nxb2 29. Nxb2 Nd7 30. Rd1 Nc5 31. Nc4 Rad8 32. Rcd2 Rxd2+ 33. Rxd2 Bh6 34. h4 a5 35. bxa6 Ra8 36. Ne3 Rxa6 37. Nd5 Bxg5 38. hxg5 Ne6 39. Nxc7 Nxc7 40. Rd8+ Kg7 41. Rd7+ Kg8 42. Rxc7 Rxa2+ 43. Kh3 b5 44. Rb7 Rb2 45. Kg4 b4 46. Kf4 b3 47. Ke5 Kf8 48. Kf6 Ke8 49. e5 1-0